| 000 | 01121nas a2200361 4500 | ||
|---|---|---|---|
| 001 | BR2022000688 | ||
| 003 | BR-BrBNA | ||
| 005 | 20231205132304.0 | ||
| 007 | ta | ||
| 008 | 230509b bl.|||p| |||| 00| 00por d | ||
| 040 |
_aBR-BrBNA _bpor _cBiblioteca Nacional de Agricultura |
||
| 041 | _a(Pt) | ||
| 072 | _aQ52; H60; F04 | ||
| 100 | 1 | _aSantos, S.L.L. dos | |
| 100 | 1 | _aDamaceno, Y.R.P. | |
| 100 | 1 | _aCâmara, F.T. da | |
| 100 | 1 | _aSilva, T.I. da | |
| 100 | 1 | _aAlcântara, P.B.X. | |
| 100 | 1 | _aSouza, B.A. da S. | |
| 245 | 1 | _aMilho (Zea mays)para forragem: métodos de manejo de plantas daninhas e níveis de adubação | |
| 650 | _aMILHO | ||
| 650 | _aALIMENTO TRANSGÊNICO | ||
| 650 | _aERVA DANINHA | ||
| 650 | _aHERBICIDA | ||
| 650 | _aADUBAÇÃO | ||
| 650 | _aNUTRIENTE MINERAL | ||
| 650 | _aSILAGEM | ||
| 650 | _aCOMERCIALIZAÇÃO | ||
| 773 | 0 |
_tActa Iguazu (Brazil) _xISSN 2316-4093 _g(2018), v. 7(1) p. 32-50 _wBR2022000688 |
|
| 856 | 4 | 0 | _uhttps://e-revista.unioeste.br/index.php/actaiguazu/article/view/16680/12521 |
| 909 |
_a202311 _bLúcia _c55 _dLúcia Elande |
||
| 942 |
_2AGRIS _n0 _cANA |
||
| 999 |
_c259497 _d259497 |
||